Dragon ball : Tous les personnages combattant de la saga Freezer - Statistiques

Statistiques générales
  • Ce quiz a été pris 772 fois
  • Le résultat moyen est 12 sur 16
Statistiques - réponses
Force de combat Réponse % Correct
1.500.000 (max) Goku
98%
600.000 (max) Vegeta
98%
1.200.00 (max) Freezer
97%
28.000 (max) Gohan
95%
800.000 Piccolo
91%
120.000 Ginyû
81%
13.000 Krillin
78%
21.000 Dodoria
76%
26.000 (max) Zarbon
73%
42.000 Nail
72%
+- 30.000 Barta
71%
435 Guldo
70%
+- 30.000 Jeece
70%
33.000-60.000 Reacum
66%
18.000 Kiwi
62%
+-1.000 Appule
28%
Aucun quiz correspondant
Distribution des résultats
% des personnes avec chaque résultat
Percentile par nombre de réponses
Votre historique - résultats
Vous n’avez pas pris ce quiz